عرض عادي
عرض مارك
- Mussig, Ulrike
دخول Personal Name
001 - CONTROL NUMBER
- control field: 24459
003 - CONTROL NUMBER IDENTIFIER
- control field: AE-AdECS
005 - DATE AND TIME OF LATEST TRANSACTION
- control field: 20251218091759.0
008 - FIXED-LENGTH DATA ELEMENTS
- fixed length control field: 251218|| aca||aabn | a|a d
040 ## - CATALOGING SOURCE
- Original cataloging agency: AE-AdECS
- Transcribing agency: AE-AdECS
100 ## - HEADING--PERSONAL NAME
- Personal name: Mussig, Ulrike
670 ## - SOURCE DATA FOUND
- Source citation: Work cat.: (AE-AdECS)293471: Reconsidering constitutional formation I national sovereignty :
